000 00799nam a2200205Ii 4500
003 JO-AjNU
008 230605s9999||||xx |||||||||||||| ||und||
017 _a2003/6/1216
040 _aJO-AjNU
_bara
_erda
_cJO-AjNU
041 _aara
050 1 4 _aBP73.A45.2003
100 3 _aالفلاحي،حامد حسين/اعداد,
_eauthor
_914869
245 0 0 _aنساء في القرآن كما ورد ذكرهن في ظلال القرآن
264 3 1 _aاربد:دار الكتاب الثقافي ، دار المتنبي للنشر والتوزيع ، 2003
300 _a109ص
336 _atext
_btxt
_2rdacontent
337 _aunmediated
_bn
_2rdamedia
338 _avolume
_bnc
_2rdacarrier
650 4 _aالقرآن-المرأة المسلمة-الاسلام-الثقافة الإسلامية
_914870
999 _aA4067
_c7635
_d7635